000 00508nam a2200169Ia 4500
008 210719s1936 xx 000 0 und d
041 _aeng
082 _a444/562
100 _aMILTON (H);FOX (G O)
245 _aClarendon French course: based on word frequency Part III
260 _aLondon
_bOxford University Press
_c1936
300 _a144
_bHB
365 _cRs
650 _aFrench
650 _aFrench
906 _abased ; Clarendon ; course ; course: ; French ; frequency ; III ; on ; Part ; word
999 _c211670
_d211670